Directive 2005/32/EC of the European Parliament and of the Council of 6 July 2005 establishing a framework for the setting up of ecodesign requirements for energy-using products and amending Council Directive 92/42/EEC and Directives 96/57/EC and 2000/55/EC of the European Parliament and of the Council (Record no. 107759)

MARC details
000 -LEADER
fixed length control field 01383cad a22002415a 4500
001 - CONTROL NUMBER
control field L141756
008 - FIXED-LENGTH DATA ELEMENTS--GENERAL INFORMATION
fixed length control field 071218s2005 xxk f i000 0 eng d
035 ## - SYSTEM CONTROL NUMBER
System control number (Sirsi) u141756
041 0# - LANGUAGE CODE
Language code of text/sound track or separate title eng
050 04 - LIBRARY OF CONGRESS CALL NUMBER
Classification number 333.72 $2 18
110 2# - MAIN ENTRY--CORPORATE NAME
Corporate name or jurisdiction name as entry element European Union
Title of a work Laws, etc
9 (RLIN) 5125
245 00 - TITLE STATEMENT
Title Directive 2005/32/EC of the European Parliament and of the Council of 6 July 2005 establishing a framework for the setting up of ecodesign requirements for energy-using products and amending Council Directive 92/42/EEC and Directives 96/57/EC and 2000/55/EC of the European Parliament and of the Council
Medium [electronic resource]
260 ## - PUBLICATION, DISTRIBUTION, ETC.
Place of publication, distribution, etc. Brussels
Name of publisher, distributor, etc. Europa
Date of publication, distribution, etc. 2005
490 #0 - SERIES STATEMENT
Series statement Directive
Volume/sequential designation 2005/32/EC
520 ## - SUMMARY, ETC.
Summary, etc. Establishes a framework for the setting of eco-design requirements for energy-using products and aims to improve the environmental performance of products throughout the life-cycle, by integrating environmental aspects at a very early stage in the product design.
521 ## - TARGET AUDIENCE NOTE
Target audience note Advanced
650 24 - SUBJECT ADDED ENTRY--TOPICAL TERM
Topical term or geographic name entry element DIRECTIVE 2005/32/EC
651 #4 - SUBJECT ADDED ENTRY--GEOGRAPHIC NAME
Geographic name European Union
690 ## - LOCAL SUBJECT ADDED ENTRY--TOPICAL TERM (OCLC, RLIN)
Topical term or geographic name as entry element ENVIRONMENTAL AND LAND CONSULTANCY-ENERGY-ENERGY USE-ENERGY CONSERVATION
690 ## - LOCAL SUBJECT ADDED ENTRY--TOPICAL TERM (OCLC, RLIN)
Topical term or geographic name as entry element BUILT ENVIRONMENT-SUSTAINABLE CONSTRUCTION
856 40 - ELECTRONIC LOCATION AND ACCESS
Uniform Resource Identifier <a href="https://eur-lex.europa.eu/LexUriServ/LexUriServ.do?uri=OJ:L:2005:191:0029:0029:EN:PDF">https://eur-lex.europa.eu/LexUriServ/LexUriServ.do?uri=OJ:L:2005:191:0029:0029:EN:PDF</a>
Public note View the Directive free of charge at http://eur-lex.europa.eu
942 ## - ADDED ENTRY ELEMENTS (KOHA)
Suppress in OPAC 0
Holdings
Withdrawn status Lost status Source of classification or shelving scheme Damaged status Not for loan Home library Current library Shelving location Date acquired Total Checkouts Full call number Barcode Date last seen Copy number Price effective from Koha item type
    Dewey Decimal Classification     Virtual Virtual Online 18/12/2007   ONLINE PUBLICATION 141756-2001 06/08/2019 1 06/08/2019 Book